| 000 | 01463nam a2200445 i 4500 | ||
|---|---|---|---|
| 001 | 34240 | ||
| 003 | KOSZ 005 | ||
| 005 | 20190823111747.0 | ||
| 008 | 980702s1996 pl a f |000 0 pol | ||
| 015 | _aPB 1996/14572 | ||
| 020 | _a8301121300 | ||
| 035 | _a991004372329705066 | ||
| 035 | _a(PL-WaBN)b11155978-48omnis_nlop | ||
| 035 | _ab11155978 | ||
| 035 | _a(OCoLC)297628832 | ||
| 035 | _a(PL)b0000001115597 | ||
| 035 | _a(EXLNZ-48OMNIS_NETWORK)9910353322905606 | ||
| 040 |
_aWA N _cWA N _dKOSZ 005/HR |
||
| 046 | _k1996 | ||
| 080 | _a658.5 | ||
| 080 | _a(075.8) | ||
| 100 | 1 |
_aBrzeziński, Marek _d(1949- ) _eAutor |
|
| 245 | 1 | 0 |
_aPodstawy metodyczne projektowania rozruchu nowej produkcji / _cMarek Brzeziński. |
| 260 |
_aWarszawa : _bWydaw. Naukowe PWN, _c1996 _e(Łódź : _fDWN). |
||
| 300 |
_a218, [2] s. : _brys., wykr. ; _c24 cm. |
||
| 380 | _aKsiążki | ||
| 504 | _aBibliogr. s. 214-218. | ||
| 650 | 7 |
_aProdukcja _2DBN |
|
| 650 | 7 | _aProjektowanie | |
| 650 | 7 | _aOrganizacja | |
| 650 | 7 | _aModele matematyczne | |
| 650 | 7 |
_aPrzedsiębiorstwo _2DBN |
|
| 655 | 7 |
_aPodręczniki akademickie _2DBN |
|
| 658 | _aZarządzanie i marketing | ||
| 658 | _aInżynieria i technika | ||
| 710 | 2 |
_aWydawnictwo Naukowe PWN _4pbl |
|
| 856 |
_uhttp://koha.tu.koszalin.pl/cgi-bin/koha/opac-detail.pl?biblionumber=34240 _yKatalog online BPK |
||
| 942 |
_2UKD _cKS |
||
| 999 |
_c34240 _d34240 |
||